LEADER 01057nam a2200265 i 4500 001 991003742829707536 008 080623so200 it 000 0 ita d 020 $a8882324486 035 $ab13744987-39ule_inst 040 $aFacoltà SSPT$bita 082 0 $a305.80 100 1 $aD'Armento, Vito A. $0460417 245 12$aL'etnografia storica /$cVito A. D'Armento 260 $aLecce :$bPensa multimedia,$c2006 300 $a133 p. ;$c21 cm 440 0$aMicromacro ;$v7 650 4$aEtnologia 907 $a.b13744987$b02-04-14$c23-06-08 912 $a991003742829707536 945 $aLE021 305.80 DAR01.01$g1$i2020000005278$lle021$op$pE13.33$q-$rn$s- $t0$u3$v0$w3$x0$y.i14782121$z23-06-08 945 $aLE021 305.80 DAR01.01$g2$i2020000007715$lle021$op$pE13.00$q-$rn$s- $t0$u5$v0$w5$x0$y.i14811601$z29-07-08 945 $aLE022 305 DAR01.02$g1$i2022000133432$lle022$og$pE12.00$q-$rl$s- $t0$u0$v0$w0$x0$y.i15212543$z20-12-10 996 $aEtnografia storica$91227579 997 $aUNISALENTO 998 $ale020$ale022$b23-06-08$cm$da $e-$fita$git $h2$i0 LEADER 01720nam a2200361 i 4500 001 991001114009707536 005 20020502183744.0 008 930722s1993 it 000 0 ita d 035 $ab11465785-39ule_inst 035 $aPRUMB55186$9ExL 040 $aScuola per assistenti sociali$bita 082 0 $a370.19 100 1 $aBesozzi, Elena$0125656 245 10$aElementi di sociologia dell'educazione /$cElena Besozzi ; introduzione di Vincenzo Cesareo 260 $aRoma :$bNIS,$c1993 300 $a191 p. ;$c22 cm 490 0 $aStudi superiori NIS.$pSociologia ;$v154 650 4$aEducazione e società 650 4$aSociologia dell'educazione 650 4$aSocializzazione 650 4$aFormazione 700 1 $aCesareo, Vincenzo 907 $a.b11465785$b01-03-17$c01-07-02 912 $a991001114009707536 945 $aLE024 SOC/C SR III 2$g1$i2021000187186$lle021$nex DUSS$o-$pE0.00$q-$rl$s- $t0$u3$v2$w3$x0$y.i1165434x$z01-07-02 945 $aLE024 SOC/C SR III 2 bis$g1$i2021000214363$iLE024N-3174$lle021$nex DUSS$o-$pE0.00$q-$rl$s- $t0$u1$v0$w1$x0$y.i11654351$z01-07-02 945 $aLE022 MP 81 B 48$g1$i2022000149167$lle022$o-$pE0.00$q-$rl$s- $t0$u4$v3$w4$x0$y.i11187724$z28-06-02 945 $aLE022 MPs-S 120 C 32$g2$i2022000176217$lle022$o-$pE0.00$q-$rl$s- $t0$u0$v0$w0$x0$y.i13840149$z14-09-04 945 $aLE022 MPs-S 120 C 32 bis$g3$i2022000177184$lle022$o-$pE0.00$q-$rl$s- $t0$u0$v0$w0$x0$y.i13840150$z14-09-04 945 $aLE021 DI11BISB35$g1$i2021000202476$lle021$o-$pE0.00$q-$rl$s- $t0$u2$v1$w2$x0$y.i11654338$z01-07-02 996 $aElementi di sociologia dell'educazione$9811542 997 $aUNISALENTO 998 $a(3)le022$a(3)le021$b01-01-93$cm$da $e-$fita$git $h0$i6 LEADER 01085nam0 22002891i 450 001 UON00276943 005 20231205103820.266 010 $a50-200-9428-5 100 $a20060512d1989 |0itac50 ba 101 $arus 102 $aRU 105 $a|||| ||||| 200 1 $aFel'dmar?al B. P. ?eremetev$fA.I. Zaozerskij$gOtvetstv. red. B. V. Lev?in 210 $aMoskva$cNauka$d1989 215 $a312 p.$d21 cm. 606 $a?EREMETEV BORIS P.$3UONC043577$2FI 620 $aRU$dMoskva$3UONL003152 676 $a947.05$cRussia storia. Regno di Pietro il Grande$v21 700 1$aZAOZERSKIJ$bAleksandr Ivanovi?$3UONV160574$0691905 702 1$aLEV?IN$bBoris V.$3UONV160575 712 $aNauka$3UONV269754$4650 801 $aIT$bSOL$c20241213$gRICA 899 $aSIBA - SISTEMA BIBLIOTECARIO DI ATENEO$2UONSI 912 $aUON00276943 950 $aSIBA - SISTEMA BIBLIOTECARIO DI ATENEO$dSI EO DUOMO IX H 0248 $eSI EO 20805 5 0248 996 $aFel'dmar?al B. P. ?eremetev$91767332 997 $aUNIOR